[Event "Olympiad w"]
[Site "Bled SLO"]
[Date "2002.11.02"]
[Round "8"]
[White "Chiburdanidze,M"]
[Black "Zhu Chen"]
[Result "1-0"]
[WhiteElo "2497"]
[BlackElo "2509"]

1.d4 d5 2.c4 c6 3.e3 Nf6 4.Nf3 Bg4 5.Nc3 e6 6.h3 Bxf3 7.Qxf3 Nbd7 8.Bd3 Bd6
9.cxd5 exd5 10.g4 h6 11.Bd2 Qe7 12.O-O-O O-O-O 13.Qg2 Bb4 14.Rhe1 Nb6 15.Kb1 Kb8
16.f3 g6 17.a3 Bd6 18.e4 dxe4 19.fxe4 Bc7 20.Qf2 Nfd7 21.Rf1 c5 22.Nb5 Ne5
23.dxe5 Rxd3 24.Nxc7 Qxc7 25.Bf4 Rxd1+ 26.Rxd1 Qe7 27.e6+ Ka8 28.Be5 Rc8
29.exf7 c4 30.Qf6 Qf8 31.Bd6 Nd7 32.Bxf8 Nxf6 33.Bxh6  1-0

[Event "Olympiad w"]
[Site "Bled SLO"]
[Date "2002.11.04"]
[Round "9"]
[White "Zhu Chen"]
[Black "Hoang Thanh Trang"]
[Result "1/2-1/2"]
[WhiteElo "2509"]
[BlackElo "2420"]

1.d4 f5 2.g3 Nf6 3.Bg2 g6 4.Nf3 Bg7 5.O-O O-O 6.c4 d6 7.Nc3 Nc6 8.d5 Na5
9.Qd3 e5 10.dxe6 Bxe6 11.b3 Nc6 12.Bb2 Ne4 13.Qc2 Qf6 14.Na4 Qf7 15.Bxg7 Qxg7
16.Nd2 Nxd2 17.Qxd2 Rae8 18.Nc3 Bc8 19.Rad1 Ne5 20.Qd4 Ng4 21.Qxg7+ Kxg7
22.e3 a6 23.Nd5 Rf7 24.b4 Nf6 25.a4 Nxd5 26.Bxd5 Be6 27.Bxb7 Bxc4 28.Rfe1 Rb8
29.Rd4 Rxb7 30.Rxc4 d5 31.Rd4 c6 32.Rc1 Rfc7 33.h3 Kf6 34.g4 Ke5 35.gxf5 Kxf5
36.Rc5 Ke5 37.Kg2 Kd6 38.Kf3 Rb6 39.a5 Rb8 40.Rf4 Re8 41.Rc1 Re6 42.Rd1 Rb7
43.Rdd4 c5 44.bxc5+ Kxc5 45.Ra4 Rb2 46.Ra1 Kb5 47.Rf7 Rd2 48.Kg3 d4 49.exd4 Rxd4
50.Rxh7 Ra4 51.Rxa4 Kxa4 52.h4  1/2-1/2

[Event "Olympiad w"]
[Site "Bled SLO"]
[Date "2002.11.05"]
[Round "10"]
[White "Botsari,A"]
[Black "Zhu Chen"]
[Result "0-1"]
[WhiteElo "2320"]
[BlackElo "2509"]

1.d4 Nf6 2.c4 e6 3.Nc3 Bb4 4.g3 c5 5.Nf3 cxd4 6.Nxd4 Ne4 7.Qd3 Bxc3+ 8.bxc3 Nc5
9.Qf3 d6 10.Bg2 Nbd7 11.O-O Ne5 12.Qf4 Bd7 13.Nb3 Rc8 14.Qd4 f6 15.Qxd6 b6
16.Nxc5 Rxc5 17.Rd1 Nxc4 18.Qd4 Qc7 19.Qg4 Bc8 20.Qf4 e5 21.Qh4 O-O 22.Be4 h6
23.Bd5+ Kh7 24.g4 Rxd5 25.Rxd5 Bb7 26.Rd3 Qc6 27.f3 e4 28.Rd4 exf3 29.e4 Ne5
30.Bd2 Qe6 31.h3 Nc6 32.Rd5 Qxe4 33.Rd7 Ne7 34.Qf2 Ng6 35.Re1 Qc6 36.Rd4 f5
37.Kh2 fxg4 38.Rxg4 Qd6+ 39.Rg3 Nh4 40.Kg1 Ng2 41.Rf1 Rd8 42.Bc1 Nh4 43.Rg4 Nf5
44.Bf4 Qd5 45.Re1 Qd3 46.Be5 Re8 47.Rf4 g6 48.Kh2 h5 49.Ra4 a5 50.Rf4 b5
51.Bd4 Re2 52.Rxe2 fxe2 53.Qe1 Qd1 54.Bf2 Qd5 55.Qg1 Qe5 56.Qg5 e1=Q 57.Bxe1 Qxe1  0-1

[Event "Olympiad w"]
[Site "Bled SLO"]
[Date "2002.11.07"]
[Round "12"]
[White "Zhu Chen"]
[Black "Danielian,E"]
[Result "0-1"]
[WhiteElo "2509"]
[BlackElo "2389"]

1.d4 d5 2.c4 dxc4 3.Nf3 c6 4.e3 Be6 5.Nc3 b5 6.a4 b4 7.Ne4 Nf6 8.Nc5 Bd5
9.Ne5 e6 10.a5 Bxc5 11.dxc5 Nbd7 12.Qd4 Nxe5 13.Qxe5 O-O 14.f3 Nd7 15.Qd6 f5
16.f4 Rf6 17.Bxc4 Bxc4 18.Qd4 Bd5 19.O-O Qe7 20.Bd2 Qxc5 21.Bxb4 Qxd4 22.exd4 Rb8
23.Bc3 Rf7 24.Rfc1 a6 25.b4 Nf6 26.Be1 Ne4 27.Kf1 h6 28.Ke2 g5 29.fxg5 hxg5
30.Ra3 Rh7 31.h3 Kf7 32.Ke3 Nd6 33.Kf2 g4 34.hxg4 Rg8 35.Rh3 Rhg7 36.g3 Rxg4
37.Ke3 Nb5 38.Rh7+ R8g7 39.Rh8 Re4+ 40.Kd3 Rxd4+ 41.Kc2 Rg8 42.Rh7+ Kg6 43.Rb7 Rh8
44.Kb2 Rh2+ 45.Rc2 Rxc2+ 46.Kxc2 c5 47.Rb6 cxb4 48.Rxa6 b3+ 49.Kc1 Rc4+ 50.Kb1 Na3+
51.Kb2 Rc2+  0-1

[Event "Olympiad w"]
[Site "Bled SLO"]
[Date "2002.11.10"]
[Round "14"]
[White "Stefanova,A"]
[Black "Zhu Chen"]
[Result "1/2-1/2"]
[WhiteElo "2541"]
[BlackElo "2509"]

1.d4 d5 2.c4 c6 3.cxd5 cxd5 4.Nc3 Nf6 5.Bf4 a6 6.e3 Nc6 7.Bd3 Bg4 8.Nge2 e6
9.O-O Be7 10.f3 Bh5 11.Rc1 Bg6 12.Na4 Bxd3 13.Qxd3 Nh5 14.Nc5 Nxf4 15.Nxf4 Bxc5
16.Rxc5 O-O 17.Rfc1 g6 18.a3 a5 19.Qb5 a4 20.Nd3 Ra6 21.Nb4 Nxb4 22.Qxb4 Rb6
23.Rb5 Rxb5 24.Qxb5 Qa8 25.Rc7 Qa6 26.Rxb7 Qxb5 27.Rxb5 Rc8 28.Rb4 Rc2 29.h4 h5
30.Kh2 Re2 31.Kg3 Kg7 32.Rxa4 Rxb2 33.Rb4 Re2 34.Rb3 Kf6 35.a4 Ra2 36.Rb4 Kf5
37.Rb7 Kf6 38.Rb4 Kf5 39.Rb5 Rxa4 40.e4+ Kf6 41.exd5 Rxd4 42.dxe6 Kxe6 43.Rb6+ Ke5  1/2-1/2

[Event "Asian Teams w"]
[Site "Jodhpur IND"]
[Date "2003.04.09"]
[Round "3"]
[White "Vijayalakshmi,S"]
[Black "Zhu Chen"]
[Result "1-0"]
[WhiteElo "2414"]
[BlackElo "2492"]

1.d4 Nf6 2.c4 g6 3.Nc3 d5 4.cxd5 Nxd5 5.e4 Nxc3 6.bxc3 Bg7 7.Bc4 O-O 8.Ne2 b6
9.O-O Bb7 10.f3 Nc6 11.Be3 Na5 12.Bd3 Qd7 13.Qd2 Rfd8 14.Bh6 Bh8 15.Rad1 Bc6
16.Qg5 Qe8 17.f4 Ba4 18.Rd2 c5 19.f5 cxd4 20.cxd4 e5 21.d5 Rac8 22.Ng3 f6
23.Qg4 Nc4 24.Rdf2 Bd7 25.Qe2 Nd6 26.fxg6 hxg6 27.Rxf6 Bxf6 28.Rxf6 Kh7 29.Rxd6 Kxh6
30.Qh5+ Kg7 31.Qg5 Kh7 32.Qh4+ Kg7 33.Nh5+ gxh5 34.Qg5+ Kf8 35.Rh6 Rc1+ 36.Qxc1 Bc8  1-0

[Event "Asian Teams w"]
[Site "Jodhpur IND"]
[Date "2003.04.10"]
[Round "4"]
[White "Zhu Chen"]
[Black "Karavade,E"]
[Result "1-0"]
[WhiteElo "2492"]
[BlackElo "2199"]

1.d4 Nf6 2.c4 g6 3.Nc3 d5 4.cxd5 Nxd5 5.e4 Nxc3 6.bxc3 c5 7.Nf3 Bg7 8.Rb1 O-O
9.Be2 Nc6 10.d5 Ne5 11.Nxe5 Bxe5 12.Qd2 b6 13.f4 Bg7 14.O-O e6 15.dxe6 fxe6
16.Bc4 Kh8 17.Qxd8 Rxd8 18.e5 g5 19.g3 Bd7 20.Be3 Re8 21.Rbd1 Rad8 22.f5 h6
23.f6 Bf8 24.Be2 Bc6 25.Bh5 Rxd1 26.Rxd1 Rb8 27.c4 Kg8 28.h4 gxh4 29.gxh4 b5
30.cxb5 Bxb5 31.Rb1 Rb6 32.Kh2 Bd3 33.Rg1+ Kh7 34.Rg2 Rb4 35.Kg3 c4 36.Bd4 Rb5
37.Kf4 Rb1 38.Rb2 Rxb2 39.Bxb2 Bb4 40.Ke3 Bb1 41.Kd4 Bxa2 42.Bc3 Bxc3+ 43.Kxc3 Kg8
44.Be2 Kf7 45.Bxc4 Bb1 46.Bd3 Ba2 47.Kb4 Bd5 48.Kc5 Bf3 49.Bc4 Bg4 50.Kb5 Bf3
51.Ka6 Bg4 52.Kxa7 Bf3 53.Kb6 Bg4 54.Kc5 Bf3 55.Kd4 Bg4 56.Ke4 Bd1 57.Ke3 Bh5
58.Be2 Bg6 59.Kf4 Kf8 60.Kg4 Kf7 61.Bc4 Bc2 62.Kh5 Bf5 63.Kxh6 Bc2 64.h5 Bd1
65.Bd3  1-0

[Event "Asian Teams w"]
[Site "Jodhpur IND"]
[Date "2003.04.11"]
[Round "5"]
[White "Meenakshi,S"]
[Black "Zhu Chen"]
[Result "0-1"]
[WhiteElo "2297"]
[BlackElo "2492"]

1.d4 d5 2.c4 e6 3.Nc3 c6 4.cxd5 exd5 5.Nf3 Bf5 6.Bg5 Be7 7.Bxe7 Qxe7 8.e3 Nd7
9.Bd3 Bxd3 10.Qxd3 Ngf6 11.O-O Nb6 12.Qc2 O-O 13.Na4 Nc4 14.b3 Nd6 15.Ne5 Nd7
16.Nxd7 Qxd7 17.Nc5 Qe7 18.Nd3 g6 19.Rab1 Kg7 20.Qc5 Rfe8 21.Rfc1 Rad8 22.a4 a6
23.Ne5 h5 24.Rc2 h4 25.h3 Qe6 26.Qc3 f6 27.Ng4 Rh8 28.Rf1 Rde8 29.Qd3 Re7
30.Rcc1 Nf7 31.f4 Nd6 32.Rf3 Qf5 33.Qc2 Qxc2 34.Rxc2 Rhe8 35.Kf2 Nf5 36.Rd2 Re4
37.Rd3 a5 38.Rc3 Kf7 39.Rc5 Ra8 40.Nh2 Ke7 41.Nf1 Re6 42.Rc3 Kd6 43.Rd3 b6
44.g4 hxg3+ 45.Nxg3 Nh4 46.f5 Nxf3 47.fxe6 Nh4 48.e4 Re8 49.exd5 cxd5 50.b4 axb4
51.Rb3 Rxe6 52.Rxb4 Kc6 53.Rb2 Re8 54.Rc2+ Kb7 55.Re2 Rxe2+ 56.Nxe2 Kc6 57.Kg3 Nf5+
58.Kg4 Nh6+ 59.Kf3 g5 60.Ng3 Kd6 61.Ke3 Ke6 62.Kd3 Nf5 63.Ne2 Nd6 64.Ke3 Ne4
65.Kf3 f5 66.Ke3 Kf6 67.Kd3 Nf2+ 68.Kc3 Nxh3 69.Kb4 Nf4 70.Ng1 Ne6 71.Kb5 Nxd4+
72.Kxb6 Nb3 73.Kb5 g4 74.Ne2 Ke5 75.Kb4 Nd4 76.a5 Nc6+ 77.Kb5 Nxa5 78.Kxa5 d4
79.Kb4 d3 80.Nc1 d2 81.Nd3+ Kd4  0-1

[Event "Asian Teams w"]
[Site "Jodhpur IND"]
[Date "2003.04.12"]
[Round "6"]
[White "Zhu Chen"]
[Black "Sergeeva,M"]
[Result "1/2-1/2"]
[WhiteElo "2492"]
[BlackElo "2340"]

1.d4 Nf6 2.c4 g6 3.Nc3 Bg7 4.e4 d6 5.Nf3 O-O 6.Be2 e5 7.O-O Nc6 8.d5 Ne7
9.b4 a5 10.Ba3 axb4 11.Bxb4 Nd7 12.a4 Bh6 13.Nd2 f5 14.Nb3 Nf6 15.exf5 Nxf5
16.c5 e4 17.Kh1  1/2-1/2

[Event "Asian Teams w"]
[Site "Jodhpur IND"]
[Date "2003.04.13"]
[Round "7"]
[White "Pourkashiyan,A"]
[Black "Zhu Chen"]
[Result "0-1"]
[WhiteElo "2249"]
[BlackElo "2492"]

1.e4 c5 2.Nf3 d6 3.d4 cxd4 4.Nxd4 Nf6 5.Nc3 Nc6 6.Be2 g6 7.Be3 Bg7 8.O-O O-O
9.Qd2 Ng4 10.Bxg4 Bxg4 11.Nd5 Bd7 12.c4 a6 13.Rac1 Rb8 14.f4 f5 15.exf5 gxf5
16.Rfe1 e6 17.Nc3 Rf6 18.Nf3 Bf8 19.Rcd1 Be8 20.Qf2 Qc7 21.Bb6 Qg7 22.Ng5 e5
23.Nd5 Rg6 24.Nf3 Bd7 25.Kh1 e4 26.Nd4 Qh6 27.Re3 Qg7 28.Ree1 Re8 29.Nxc6 bxc6
30.Bd4 Qf7 31.Ne3 Rh6 32.Qg3+ Qg6 33.Qxg6+ hxg6 34.g3 Be7 35.Kg2 g5 36.Rf1 Rf8
37.Rd2 gxf4 38.gxf4 Kf7 39.Kh1 Rg8 40.Rg2 Rxg2 41.Kxg2 Bf8 42.h3 Rg6+ 43.Kf2 Bh6
44.Ng2 Ke6 45.Be3 Rg8 46.b3 Bg7 47.h4 Be8 48.Rg1 Bf6 49.Rh1 Bh5 50.Rh2 d5
51.Ne1 d4 52.Bc1 Rg4 53.Ng2 Be7 54.a3 d3 55.b4 Bf6 56.Bd2 Bd4+ 57.Ke1 Bg1
58.Ne3 Bxh2 59.Nxg4 fxg4 60.a4 g3 61.Kf1 Bf3 62.Ke1  0-1

[Event "Asian Teams w"]
[Site "Jodhpur IND"]
[Date "2003.04.14"]
[Round "8"]
[White "Zhu Chen"]
[Black "Hamid,R"]
[Result "1-0"]
[WhiteElo "2492"]
[BlackElo "2167"]

1.d4 Nf6 2.Nf3 e6 3.Bg5 d5 4.e3 c5 5.c3 Nbd7 6.Nbd2 Be7 7.Bd3 h6 8.Bh4 O-O
9.O-O b6 10.Ne5 Bb7 11.f4 Ne4 12.Bxe7 Qxe7 13.Bxe4 dxe4 14.Nxd7 Qxd7 15.Nc4 Qc7
16.Ne5 f6 17.Ng6 Rfd8 18.Qg4 f5 19.Qg3 Ba6 20.Rf2 cxd4 21.exd4 b5 22.a3 Bb7
23.Ne5 a5 24.Qg6 Rd6 25.Re2 Rf8 26.Re3 Qe7 27.Rg3 Rf6 28.Qh5 Qd8 29.h3 Ba6
30.Kh2 Rb6 31.Re1 b4 32.axb4 axb4 33.Rg6 Rxg6 34.Qxg6 bxc3 35.bxc3 Qh4 36.Re3 Qf6
37.Qe8+ Kh7 38.Nd7 Bb5 39.Qg6+ Kg8 40.Qe8+ Kh7  1-0

[Event "Easter in Crete Rapid m"]
[Site "Gerani GRE"]
[Date "2003.04.20"]
[Round "1"]
[White "Zhu Chen"]
[Black "Papaioannou,I"]
[Result "1-0"]
[WhiteElo "2492"]
[BlackElo "2575"]

1.d4 Nf6 2.c4 e6 3.Nc3 Bb4 4.Qc2 O-O 5.a3 Bxc3+ 6.Qxc3 Ne4 7.Qc2 f5 8.e3 b6
9.Nh3 Bb7 10.f3 Ng5 11.Nxg5 Qxg5 12.Bd3 Qh4+ 13.Qf2 Qxf2+ 14.Kxf2 d6 15.b3 Nd7
16.Bb2 Rad8 17.Rad1 Be4 18.Ke2 Bxd3+ 19.Rxd3 a5 20.a4 Rde8 21.Kf2 e5 22.dxe5 Nxe5
23.Bxe5 Rxe5 24.Rd5 Re7 25.h4 Rfe8 26.Re1 g6 27.g3 Kg7 28.Re2 Kf6 29.Re1 h6
30.Rd3 Re5 31.Rh1 Kg7 32.Re1 Kf7 33.Rd5 Kf6 34.Rxe5 Rxe5 35.Rd1 Ke7 36.Rg1 h5
37.Rd1 Kd7 38.f4 Re4 39.Kf3 Re8 40.Rd4 c6 41.Rd1 Kc7 42.Rd2 Rb8 43.Rc2 Kd7
44.Ra2 Ke6 45.e4 fxe4+ 46.Kxe4 Re8 47.Rd2 d5+ 48.cxd5+ Kd6+ 49.Kd4 cxd5 50.Rf2 Re4+
51.Kd3 Rb4 52.Kc2 Ke6 53.Rd2 Re4 54.Rd3 Re2+ 55.Kc3 Kd6 56.Rf3 Kc5 57.f5 gxf5
58.Rxf5 Re3+ 59.Kc2 Rxg3 60.Rxh5 Rh3 61.Rh6 Rh2+ 62.Kd3 Rh3+ 63.Kc2 Kd4  1-0

[Event "Easter in Crete Rapid m"]
[Site "Gerani GRE"]
[Date "2003.04.20"]
[Round "2"]
[White "Papaioannou,I"]
[Black "Zhu Chen"]
[Result "1/2-1/2"]
[WhiteElo "2575"]
[BlackElo "2492"]

1.d4 d5 2.c4 c6 3.Nf3 Nf6 4.Nc3 e6 5.e3 Nbd7 6.Qc2 Bd6 7.g4 Qe7 8.g5 Nh5
9.Bd2 g6 10.e4 Bb4 11.e5 Bxc3 12.Qxc3 dxc4 13.Bxc4 b6 14.Bd3 c5 15.Be4 Rb8
16.Be3 O-O 17.Rc1 Bb7 18.Bxb7 Rxb7 19.dxc5 Nxc5 20.O-O Rc7 21.Qa3 Rfc8 22.Nd2 Qd7
23.Rfd1 Qd5 24.Nc4 Qf3 25.Nd6 Qg4+ 26.Kf1 Rd8 27.Rd4 Qh3+ 28.Kg1 Rcd7 29.Qb4 Qf3
30.Qe1 Nb7 31.Qd1 Qxd1+ 32.Rcxd1 Nxd6 33.exd6 e5 34.Rd5 f6 35.a4 Kf7 36.a5 bxa5
37.Rxa5 Ra8 38.gxf6 Ke6 39.f7 Rxf7 40.d7 Rd8 41.Ra6+ Kf5 42.Rxa7 Nf6 43.b4 Rfxd7
44.Raxd7 Rxd7 45.Rxd7 Nxd7 46.Kg2 Ke4 47.Kg3 Nf8 48.b5 Kd5 49.b6 Kc6 50.Kf3 Nd7
51.Ke4 Kd6 52.f3 Nf6+ 53.Kd3 Kc6 54.Bf2 Kb7 55.Bh4 Nd7 56.Bd8 Nc5+ 57.Kc4 Kc6
58.Bc7 e4 59.fxe4 Nxe4 60.Kd4 Ng5 61.Bf4  1/2-1/2

[Event "Easter in Crete Rapid m"]
[Site "Gerani GRE"]
[Date "2003.04.21"]
[Round "3"]
[White "Zhu Chen"]
[Black "Papaioannou,I"]
[Result "1-0"]
[WhiteElo "2492"]
[BlackElo "2575"]

1.d4 Nf6 2.c4 e6 3.Nc3 Bb4 4.Qc2 c5 5.dxc5 Bxc5 6.Nf3 Be7 7.e4 d6 8.Bf4 O-O
9.Rd1 Qb6 10.Be2 Nbd7 11.O-O a6 12.h3 Qc7 13.Rd2 b6 14.Rfd1 Ne5 15.b3 Bb7
16.a4 Rfd8 17.Bg3 h6 18.Nd4 Rac8 19.Kh1 Qb8 20.f4 Nc6 21.f5 Nxd4 22.Rxd4 e5
23.R4d2 b5 24.axb5 axb5 25.Bh4 b4 26.Bxf6 Bxf6 27.Nd5 Bg5 28.Rd3 Rc5 29.Qa2 Bxd5
30.Rxd5 Qb6 31.Bf3 Rxd5 32.Rxd5 Qe3 33.Rd1 Rd7 34.Qa4 Ra7 35.Qxb4 Ra2 36.Qb5 Kh7
37.Qe8 Ra7 38.Bh5 Qxb3 39.Bg6+  1-0

[Event "TCh-CHN"]
[Site "Tianjing CHN"]
[Date "2003.09.04"]
[Round "5"]
[White "Zhu Chen"]
[Black "Bu Xiangzhi"]
[Result "0-1"]
[WhiteElo "2495"]
[BlackElo "2588"]

1.d4 d5 2.c4 c6 3.Nc3 Nf6 4.e3 a6 5.a4 a5 6.Nf3 g6 7.b3 Bg7 8.Bb2 O-O 9.Bd3 Na6
10.cxd5 cxd5 11.Ne5 Nb4 12.Bb5 Ne4 13.O-O Bf5 14.g4 Be6 15.f3 Nd6 16.Be2 f5
17.Na2 fxg4 18.f4 Nxa2 19.Rxa2 Rc8 20.Ra1 Qb6 21.Bxg4 Bxg4 22.Nxg4 h5 23.Nf2 Nf5
24.Qd3 Qe6 25.Rfe1 Nh6 26.Qe2 Rc6 27.Rac1 Rxc1 28.Bxc1 Rc8 29.Bb2 Rc6 30.Kf1 Qc8
31.Qb5 Rc2 32.Ba3 Qe6 33.Rc1 Nf5 34.e4 Rxf2+ 35.Kxf2 Qxe4 36.Bb2 Nxd4 37.Rc8+ Kh7
38.Qf1 Qf3+ 39.Ke1 Qe4+ 40.Kf2 Qxf4+ 41.Ke1 Qe4+ 42.Kf2 Qf5+  0-1

[Event "TCh-CHN"]
[Site "Tianjing CHN"]
[Date "2003.09.09"]
[Round "9"]
[White "Ni Hua"]
[Black "Zhu Chen"]
[Result "1-0"]
[WhiteElo "2533"]
[BlackElo "2495"]

1.e4 e5 2.Nf3 Nf6 3.Nxe5 d6 4.Nf3 Nxe4 5.Bd3 Nc5 6.Be2 d5 7.d4 Ne4 8.O-O Be7
9.c4 O-O 10.cxd5 Nf6 11.Nc3 Nxd5 12.h3 Be6 13.Bd3 Nd7 14.Qe2 Re8 15.Bxh7+ Kxh7
16.Qe4+ Kg8 17.Nxd5 Nc5 18.dxc5 Qxd5 19.Qxd5 Bxd5 20.Be3 Bf6 21.Rfd1 Rad8
22.Rd2 b6 23.cxb6 cxb6 24.Nd4 Bxd4 25.Rxd4 Be6 26.a3 Rxd4 27.Bxd4 Rd8 28.Rd1 Kh7
29.f3 a5 30.Kf2 Bb3 31.Rd2 Bc4 32.h4 b5 33.g4 a4 34.Kg3 f6 35.f4 Kg6 36.h5+ Kh7
37.g5 Rd5 38.h6 gxh6 39.gxf6 Rd7 40.Kf3 Bd5+ 41.Ke3 Bf7 42.f5 Ba2 43.Rd1 Bb3
44.Rc1 Bc4 45.Rg1 Rf7 46.Kf4 Bb3 47.Ke5 Rd7 48.Be3 h5 49.Rg6 Bf7 50.Rg7+ Kh8
51.Kf4 Be8 52.Rg1 Kh7 53.Rc1 Kg8 54.Rg1+ Kh7 55.Re1 Bf7 56.Bc5 Rc7 57.Bd4 Rc4
58.Ke5 Rc8 59.Rg1 Rg8 60.Rc1 Rd8 61.Rc7 Kg8 62.Bc5 h4 63.Be7 Rd5+ 64.Kf4 Be8
65.Bb4 Rd7 66.Rc1 Kf7 67.Bc3 h3 68.Rg1 Kf8 69.Bb4+ Kf7 70.Rg7+  1-0

[Event "3 Arrows Cup"]
[Site "Ji Nan CHN"]
[Date "2003.09.17"]
[Round "1"]
[White "Zhu Chen"]
[Black "Seirawan,Y"]
[Result "1/2-1/2"]
[WhiteElo "2495"]
[BlackElo "2626"]

1.d4 Nf6 2.c4 e6 3.Nc3 Bb4 4.Qc2 c5 5.dxc5 O-O 6.a3 Bxc5 7.Nf3 Nc6 8.Bg5 Nd4
9.Nxd4 Bxd4 10.e3 Qa5 11.exd4 Qxg5 12.Qd2 Qxd2+ 13.Kxd2 b6 14.f3 Ba6 15.b4 Rac8
16.c5 Bxf1 17.Rhxf1 bxc5 18.dxc5 d6 19.cxd6 Rfd8 20.Rfc1 Rxd6+ 21.Ke2 Rdc6
22.Kd2 Rd8+ 23.Ke2  1/2-1/2

[Event "3 Arrows Cup"]
[Site "Ji Nan CHN"]
[Date "2003.09.19"]
[Round "2"]
[White "Short,N"]
[Black "Zhu Chen"]
[Result "1-0"]
[WhiteElo "2701"]
[BlackElo "2495"]

1.e4 c5 2.Nf3 e6 3.c4 b6 4.Nc3 Bb7 5.d4 cxd4 6.Nxd4 d6 7.Be2 Nf6 8.f3 Be7
9.O-O a6 10.Be3 Nbd7 11.a4 Rc8 12.a5 bxa5 13.Nb3 a4 14.Rxa4 O-O 15.Na5 Ba8
16.b4 Re8 17.Qd2 Qc7 18.Rc1 Qb8 19.Kh1 Bd8 20.Bf1 Bc7 21.Qf2 Bxa5 22.Rxa5 Qxb4
23.Rxa6 Rc6 24.Ra4 Qb8 25.Rb1 Qd8 26.Ra7 Rc8 27.Nb5 Qe7 28.Qd2 d5 29.e5 Nh5
30.Nd6 Bc6 31.Nxc8 Rxc8 32.cxd5 exd5 33.Rc1 Qe6 34.Bd4 g6 35.Ra6 Nb8 36.Rb6 Nd7
37.Ra6 Nb8 38.Ra7 Ng7 39.g4 h5 40.h3 Nd7 41.Ba6 Rb8 42.Rc7 Ba4 43.Bc8 hxg4
44.hxg4 Qe7 45.Ra7 Bb5 46.Bf2 Ne6 47.Bxd7 Bxd7 48.Qxd5 Qg5 49.Rd1 Rb2 50.Qxd7 Qf4
51.Qe8+ Kg7 52.Rxf7+  1-0

[Event "3 Arrows Cup"]
[Site "Ji Nan CHN"]
[Date "2003.09.20"]
[Round "4"]
[White "Zhu Chen"]
[Black "Ye Jiangchuan"]
[Result "1/2-1/2"]
[WhiteElo "2495"]
[BlackElo "2683"]

1.d4 Nf6 2.c4 g6 3.Nc3 Bg7 4.e4 d6 5.Nf3 O-O 6.Be2 e5 7.O-O Nc6 8.d5 Ne7
9.b4 Nh5 10.Re1 f5 11.Ng5 Nf6 12.f3 Nh5 13.c5 Nf4 14.Bc4 Kh8 15.Rb1 fxe4
16.fxe4 Nexd5 17.Nxd5 Qxg5 18.Nxf4 exf4 19.cxd6 Bg4 20.Qd5 Qxd5 21.Bxd5 cxd6
22.Bxb7 Rab8 23.Bd5 Bd4+ 24.Kf1 Bd7 25.Rd1 Bb5+ 26.Ke1 Be5 27.Bb2 f3 28.Bxe5+ dxe5
29.Kf2 fxg2+ 30.Kxg2 Rf4 31.h3 Rbf8 32.Rd2 g5 33.Rb3 g4 34.hxg4 Rxg4+ 35.Rg3 Rgf4
36.Rg5 Bd7 37.Rxe5 Rg4+ 38.Kh2 Rh4+ 39.Kg3 Rg4+ 40.Kh2 Rh4+ 41.Kg1 Bh3 42.Rg5 h6
43.Rf2 Rxf2 44.Rg8+ Kh7 45.Kxf2 Rxe4 46.Bxe4+ Kxg8  1/2-1/2

[Event "GMB"]
[Site "Wijk aan Zee NED"]
[Date "2004.01.10"]
[Round "1"]
[White "Bruzon,L"]
[Black "Zhu Chen"]
[Result "1-0"]
[WhiteElo "2603"]
[BlackElo "2495"]

1.e4 c5 2.Nf3 e6 3.d4 cxd4 4.Nxd4 Nc6 5.Nc3 Qc7 6.f4 Nxd4 7.Qxd4 a6 8.Be2 b5
9.Be3 Bb7 10.O-O Rc8 11.Rad1 Nf6 12.Bf3 h5 13.h3 h4 14.Rf2 Bc5 15.Qd3 Bxe3
16.Qxe3 Qc5 17.Qd4 O-O 18.a3 Qxd4 19.Rxd4 Rc4 20.Rfd2 Rfc8 21.Kf2 a5 22.Rxc4 Rxc4
23.Ke3 Bc6 24.Rd4 Rc5 25.e5 Bxf3 26.Kxf3 Nh7 27.Rxd7 b4 28.axb4 axb4 29.Ne4 Rxc2
30.Rd8+ Nf8 31.b3 Rc1 32.Rb8 Rf1+ 33.Ke3 Re1+ 34.Kd3 Rg1 35.Nc5 g6 36.Ke3 Kg7
37.Kf2 Rc1 38.Ne4 Nd7 39.Rd8 Rc2+ 40.Kf3 Rc7 41.Nd6 Rc3+ 42.Kg4 Nf8 43.Kxh4 Rxb3
44.Rb8 g5+ 45.Kxg5 Rg3+ 46.Kh5 Rxg2 47.Rb7 Ng6 48.Rxf7+ Kg8 49.Kh6 Nf8 50.Rb7 Rg3
51.h4 Rg4 52.h5 b3 53.Ne4  1-0

[Event "GMB"]
[Site "Wijk aan Zee NED"]
[Date "2004.01.11"]
[Round "2"]
[White "Zhu Chen"]
[Black "Tiviakov,S"]
[Result "1/2-1/2"]
[WhiteElo "2495"]
[BlackElo "2600"]

1.d4 Nf6 2.c4 e6 3.Nc3 Bb4 4.Qc2 d5 5.cxd5 Qxd5 6.Nf3 Qf5 7.Qxf5 exf5 8.a3 Bd6
9.Nb5 Be6 10.Bd2 Nc6 11.Rc1 a6 12.Nxd6+ cxd6 13.e3 Ne4 14.Bd3 Kd7 15.Ke2 Bd5
16.Rhd1 Rhe8 17.Kf1 Rac8 18.h4 g6 19.Ng5 Bb3 20.Bxe4 fxe4 21.Re1 h6 22.Nh3 Ne7
23.Rxc8 Rxc8 24.Rc1 Bc4+ 25.Ke1 Nf5 26.g3 b5 27.Ba5 f6 28.Nf4 Bf7 29.Rxc8 Kxc8
30.Ne2 Bc4 31.Nc3 d5 32.f3 exf3 33.Kf2 Kd7 34.Kxf3 Ke6 35.Bb4 Bb3 36.Bf8 h5
37.Kf4 Bc2 38.Bc5 Be4 39.Bf8 Bg2 40.a4 Kf7 41.Bb4 Ng7 42.e4 dxe4 43.axb5 axb5
44.Nxb5 Nf5 45.Nd6+ Nxd6 46.Bxd6 Ke6 47.Bc5 Kd5 48.b4 Kc4 49.Ke3 g5 50.Be7 gxh4
51.gxh4 f5 52.Bd6  1/2-1/2

[Event "GMB"]
[Site "Wijk aan Zee NED"]
[Date "2004.01.13"]
[Round "3"]
[White "Stefanova,A"]
[Black "Zhu Chen"]
[Result "1/2-1/2"]
[WhiteElo "2478"]
[BlackElo "2495"]

1.e4 c5 2.Nf3 e6 3.c4 Nc6 4.Nc3 Nf6 5.d4 cxd4 6.Nxd4 Bb4 7.Nxc6 bxc6 8.e5 Ne4
9.Bd2 Bxc3 10.Bxc3 Nxc3 11.bxc3 Qa5 12.Qd4 Rb8 13.Be2 Rb2 14.a4 O-O 15.Bd1 c5
16.Qd3 Qc7 17.Qe3 Ba6 18.Be2 d6 19.exd6 Qxd6 20.Bd3 Rd8 21.O-O-O Qb6 22.Bxh7+ Kxh7
23.Qh3+ Kg6 24.Qg4+ Kf6 25.Qf4+ Kg6 26.Qg4+ Kf6 27.Qf4+  1/2-1/2

[Event "GMB"]
[Site "Wijk aan Zee NED"]
[Date "2004.01.14"]
[Round "4"]
[White "Zhu Chen"]
[Black "Stellwagen,D"]
[Result "0-1"]
[WhiteElo "2495"]
[BlackElo "2489"]

1.d4 Nf6 2.c4 g6 3.Nc3 Bg7 4.e4 d6 5.Nf3 O-O 6.Be2 e5 7.d5 a5 8.Bg5 h6 9.Bh4 Na6
10.Nd2 Bd7 11.a3 Qe8 12.b3 Nh7 13.O-O Kh8 14.b4 axb4 15.axb4 Nxb4 16.Qb3 c5
17.Rxa8 Qxa8 18.Be7 Re8 19.Bxd6 b6 20.Bc7 Qb7 21.d6 Ng5 22.Nd5 Ne6 23.Bg4 f5
24.exf5 Nd4 25.Qh3 Nxd5 26.cxd5 gxf5 27.Bh5 Rf8 28.Rc1 b5 29.Rxc5 Ra8 30.Qh4 Ra1+
31.Nf1 Qa7 32.Qd8+ Kh7 33.g3 Qxc5 34.Bf7 h5 35.Kg2 Qc1 36.Ne3 Qh1+ 37.Kh3 Nf3  0-1

[Event "GMB"]
[Site "Wijk aan Zee NED"]
[Date "2004.01.15"]
[Round "5"]
[White "Nakamura,H"]
[Black "Zhu Chen"]
[Result "1/2-1/2"]
[WhiteElo "2571"]
[BlackElo "2495"]

1.d4 d5 2.c4 c6 3.Nc3 Nf6 4.Nf3 e6 5.e3 Nbd7 6.Qc2 Bd6 7.g4 Bb4 8.Bd2 Qe7
9.Rg1 Bxc3 10.Bxc3 Ne4 11.O-O-O O-O 12.Bd3 Nxc3 13.Qxc3 dxc4 14.Qxc4 e5 15.Bf5 exd4
16.Qxd4 Qc5+ 17.Kb1 Qxd4 18.Rxd4 Nb6 19.Bc2 g6 20.h3 f5 21.Rg3 Kg7 22.a4 c5
23.Rf4 Nd5 24.Rc4 fxg4 25.hxg4 b6 26.Re4 Bb7 27.Re5 Rae8 28.Rxe8 Rxe8 29.Nd2 Nb4
30.f4 Rd8 31.Kc1 a6 32.Bb1 Bc6 33.b3 Nd5 34.Ne4 Re8 35.f5 Re5 36.Kd2 h6 37.a5 Nb4
38.Nc3 bxa5 39.e4 Kf6 40.Rf3 Be8 41.Ne2 Kg5 42.Rf1 Bf7 43.Nf4 gxf5 44.gxf5 c4
45.Ng6 Rc5 46.Rg1+ Kf6 47.e5+ Rxe5 48.Nxe5 Kxe5 49.bxc4 Bxc4 50.Rh1 Bd5 51.Rxh6 Nc6
52.Rh5 Ne7 53.Kc3 Bf3 54.Rh3 Nd5+ 55.Kc4 Nb6+ 56.Kb3 Bd1+ 57.Kb2 Nd5 58.Rh1 Bg4
59.Re1+ Kf4 60.Re4+ Kg5 61.Re6 Kf4 62.Re4+ Kg5 63.Re5 Nb6 64.Kc3 a4 65.Re6 Nd5+
66.Kd4 Nf4 67.Re5 Ne2+ 68.Kc5 a3 69.Kd6 Nd4 70.Ra5 Kf6 71.Rxa6 Bxf5 72.Ba2 Bd3
73.Ra7 Nf5+ 74.Kd5 Ne7+ 75.Kd4 Bf5 76.Ra6+ Kg5 77.Bc4 Ng6 78.Rxa3 Kf4 79.Bd5 Ne7
80.Bb7 Kg5 81.Rg3+ Kf6 82.Rf3 Ke6 83.Rf1 Kf6 84.Kc5 Kg5 85.Kd6 Ng6 86.Bc6 Kg4
87.Rg1+ Kf4 88.Rf1+ Kg5 89.Rg1+ Kf4 90.Be8 Nh4 91.Bh5 Nf3 92.Rg8 Be4 93.Rb8 Ke3
94.Rb4 Nd4 95.Ra4 Nf3 96.Kc5 Ne5 97.Ra1 Nf3 98.Kc4 Kf4 99.Kc3 Nh4 100.Kd2 Nf5
101.Bg6 Ke5 102.Ra4 Nd6 103.Bh5 Nf5 104.Bg4 Kf4 105.Bh3 Ke5 106.Ke2 Ne7 107.Ra6 Nd5
108.Kd2 Kd4 109.Ra5 Ke5 110.Bf1 Kd4 111.Ra4+ Ke5 112.Be2 Nf4 113.Bc4 Nd5
114.Ba2 Ne7 115.Ra6 Nd5 116.Rh6 Kd4 117.Bb3 Ke5 118.Rh4 Ne7 119.Bc4 Nf5 120.Rg4 Ne7
121.Bd3 Bxd3 122.Kxd3 Nf5 123.Ra4 Ng3 124.Ra8 Nf5 125.Ra4 Ng3 126.Rg4 Nf5
127.Re4+ Kd5 128.Re1 Nd6 129.Ra1 Ke5 130.Ra5+ Kf4 131.Rc5 Nf5 132.Rd5 Ng3
133.Ra5 Nf5 134.Kc4 Ke4 135.Ra4 Ke5 136.Kc5 Ng3 137.Ra5 Ne4+ 138.Kc6+ Kd4
139.Ra4+ Ke5 140.Ra5+ Kd4 141.Rh5 Nf6 142.Rh1 Ne4 143.Kd7 Ke5 144.Rh5+ Kd4
145.Ra5 Nc5+ 146.Kc7 Ne4 147.Kc6 Nf6 148.Rf5 Ne4 149.Rd5+ Kc4 150.Rd8 Nc3
151.Ra8 Kd4 152.Kd6 Nb5+ 153.Kd7 Nc3 154.Ke6 Kc4 155.Rc8+ Kd4 156.Rd8+ Ke4
157.Rh8 Kd4 158.Rh4+ Kc5 159.Rg4 Nb5 160.Rg8 Nd4+ 161.Ke5 Nc6+ 162.Ke4 Kd6
163.Rg5 Nb4 164.Rh5 Nc6 165.Rb5 Ne7 166.Ra5 Nc6 167.Rd5+ Ke6 168.Rd1 Ne7
169.Kd4 Nf5+ 170.Kc5 Ke5 171.Re1+ Kf4 172.Re8 Ne3 173.Kd4 Nf5+ 174.Kd3 Nd6
175.Re6 Nf5 176.Re4+ Kf3 177.Ra4 Ng3 178.Kd4 Kf4 179.Kd5+ Kf3 180.Ke5 Ke2
181.Kf4 Nf1 182.Ra3  1/2-1/2

[Event "GMB"]
[Site "Wijk aan Zee NED"]
[Date "2004.01.17"]
[Round "6"]
[White "Zhu Chen"]
[Black "Hamdouchi,H"]
[Result "0-1"]
[WhiteElo "2495"]
[BlackElo "2588"]

1.d4 e6 2.c4 c5 3.d5 exd5 4.cxd5 d6 5.Nc3 g6 6.e4 Bg7 7.Nf3 Nf6 8.h3 O-O
9.Bd3 Nh5 10.O-O Nd7 11.g4 Nhf6 12.Bf4 Ne8 13.Bg3 a6 14.a4 b6 15.Qe2 Ra7
16.Nd2 g5 17.Nc4 Ne5 18.Ra3 Nxc4 19.Bxc4 Bd4 20.Kg2 Ng7 21.Rb3 Re8 22.Qd3 Be5
23.Ne2 h5 24.f3 Bd7 25.Ra1 Bc8 26.Rb1 f6 27.Ra3 h4 28.Bf2 a5 29.Bb5 Rf8 30.f4 gxf4
31.Bxh4 Ne8 32.Qf3 Rh7 33.Be1 Kh8 34.Nxf4 Rg8 35.Bg3 Qe7 36.Rb3 Qf7 37.Bc4 Bd7
38.Ra1 Qe7 39.Rxb6 Rxh3  0-1

[Event "GMB"]
[Site "Wijk aan Zee NED"]
[Date "2004.01.18"]
[Round "7"]
[White "Van der Wiel,J"]
[Black "Zhu Chen"]
[Result "1/2-1/2"]
[WhiteElo "2542"]
[BlackElo "2495"]

1.e4 c5 2.Nf3 Nc6 3.d4 cxd4 4.Nxd4 e6 5.Nc3 Qc7 6.Be2 a6 7.O-O Nf6 8.Kh1 h5
9.f4 Nxd4 10.Qxd4 Bc5 11.Qd3 Ng4 12.e5 d5 13.exd6 Qxd6 14.Qxd6 Bxd6 15.Ne4 Be7
16.h3 Nf6 17.Bf3 Rb8 18.Bd2 Bd7 19.Bc3 Bc6 20.Nxf6+ Bxf6 21.Bxc6+ bxc6 22.Bxf6 gxf6
23.b3 Ke7 24.Rad1 Rhd8 25.Kg1 c5 26.Kf2 Rd4 27.g3 Rbd8 28.Ke2 Rg8 29.Kf3 Rgd8
30.Ke2 Re4+ 31.Kf3 Red4  1/2-1/2